[Event "Gora Sw Anny op 11th"]
[Site "Gora Sw Anny"]
[Date "2018.01.23"]
[Round "9"]
[White "Czempiel, Henryk"]
[Black "Majocha, Piotr"]
[Result "0-1"]
[WhiteElo "1883"]
[BlackElo "1930"]
[PlyCount "63"]
[EventDate "2018.01.16"]
[EventType "swiss"]
[EventRounds "10"]
[EventCountry "POL"]
[SourceTitle "CBM 182 Extra"]
[Source "ChessBase"]
[SourceDate "2018.02.23"]
[SourceVersion "1"]
[SourceVersionDate "2018.02.23"]
[SourceQuality "1"]

1. e4 c5 2. d4 cxd4 3. c3 dxc3 4. Nxc3 Nc6 5. Nf3 d6 6. Bc4 e6 7. 0-0 Nf6 8. Qe2 a6 9. Rd1 Qc7 10. Bf4 Be7 11. Rac1 0-0 12. Bb3 Qb8 13. e5 Nh5 14. Bg5 dxe5 15. Bxe7 Nxe7 16. Qe3 b5 17. Qc5 Ng6 18. Bc2 Bb7 19. Bxg6 hxg6 20. Rd7 Bxf3 21. gxf3 Nf6 22. Rc7 Qd8 23. Qxe5 Qd3 24. Kg2 Qd2 25. Qe3 Qxb2 26. Rd1 Rac8 27. Qc5 Rxc7 28. Qxc7 Qc2 29. Rd4 Qf5 30. Qc6 e5 31. Rd6 Rc8 32. Nd5 0-1

[Event "Gora Sw Anny op 11th"]
[Site "Gora Sw Anny"]
[Date "2018.01.22"]
[Round "8"]
[White "Szustakowski, Antoni"]
[Black "Czempiel, Henryk"]
[Result "1-0"]
[WhiteElo "2376"]
[BlackElo "1883"]
[PlyCount "63"]
[EventDate "2018.01.16"]
[EventType "swiss"]
[EventRounds "10"]
[EventCountry "POL"]
[SourceTitle "CBM 182 Extra"]
[Source "ChessBase"]
[SourceDate "2018.02.23"]
[SourceVersion "1"]
[SourceVersionDate "2018.02.23"]
[SourceQuality "1"]

1. d4 d5 2. c4 c6 3. Nc3 e5 4. dxe5 d4 5. Ne4 Qa5+ 6. Bd2 Qxe5 7. Ng3 Nf6 8. Nf3 Qd6 9. Qc2 Be7 10. e3 dxe3 11. Bxe3 Na6 12. Be2 0-0 13. 0-0 Nb4 14. Qc3 c5 15. h3 Qc7 16. a3 Nc6 17. Bd3 Bd6 18. Ne4 Nxe4 19. Bxe4 f5 20. Bd5+ Kh8 21. Rad1 Ne5 22. Rfe1 Nxf3+ 23. Bxf3 Be5 24. Qb3 f4 25. Bxc5 Rg8 26. Rd5 Bf6 27. Bd6 Qf7 28. Rb5 Be6 29. Rxb7 Bxc4 30. Qc2 Rge8 31. Rxe8+ Qxe8 32. Qxc4 1-0

[Event "Gora Sw Anny op 11th"]
[Site "Gora Sw Anny"]
[Date "2018.01.20"]
[Round "6"]
[White "Czempiel, Henryk"]
[Black "Walentukiewicz, Michal"]
[Result "0-1"]
[WhiteElo "1883"]
[BlackElo "2019"]
[PlyCount "90"]
[EventDate "2018.01.16"]
[EventType "swiss"]
[EventRounds "10"]
[EventCountry "POL"]
[SourceTitle "CBM 182 Extra"]
[Source "ChessBase"]
[SourceDate "2018.02.23"]
[SourceVersion "1"]
[SourceVersionDate "2018.02.23"]
[SourceQuality "1"]

1. e4 g6 2. d4 Bg7 3. Nc3 c5 4. dxc5 Bxc3+ 5. bxc3 Nc6 6. Bb5 Nf6 7. Qd3 Qa5 8. Bd2 Ne5 9. Qd4 Qxb5 10. Qxe5 d6 11. c4 Qxc4 12. cxd6 Qxe4+ 13. Qxe4 Nxe4 14. dxe7 Nxd2 15. 0-0-0 Be6 16. Rxd2 Bxa2 17. Nf3 Kxe7 18. Re1+ Be6 19. Nd4 Rhd8 20. g4 Rd6 21. f4 Rad8 22. c3 Kd7 23. f5 gxf5 24. gxf5 Bc4 25. Rg1 Re8 26. Rg7 Re3 27. Kc2 Rh3 28. Rdg2 Ra6 29. Rd2 Ra2+ 30. Kd1 Rxd2+ 31. Kxd2 Rxh2+ 32. Ke3 Rh3+ 33. Kf4 Ke7 34. Ke5 Re3+ 35. Kf4 Rxc3 36. Rxh7 a5 37. Nf3 a4 38. Ng5 Rc1 39. Ke5 Re1+ 40. Kd4 Bb3 41. Ne4 b6 42. Nd2 Bc2 43. f6+ Kxf6 44. Rh6+ Bg6 45. Kc4 a3 0-1

[Event "Gora Sw Anny op-A 7th"]
[Site "Gora Sw Anny"]
[Date "2014.02.26"]
[Round "6"]
[White "Czempiel, Henryk"]
[Black "Khamidov, Komil"]
[Result "0-1"]
[WhiteElo "1948"]
[BlackElo "2165"]
[PlyCount "80"]
[EventDate "2014.02.22"]
[EventType "swiss"]
[EventRounds "10"]
[EventCountry "POL"]
[SourceTitle "CBM 159 Extra"]
[Source "ChessBase"]
[SourceDate "2014.04.24"]
[SourceVersion "1"]
[SourceVersionDate "2014.04.24"]
[SourceQuality "1"]

1. e4 e5 2. Nf3 Nc6 3. Bb5 a6 4. Bxc6 dxc6 5. d4 exd4 6. Qxd4 Qxd4 7. Nxd4 Bd7 8. Be3 0-0-0 9. Nd2 c5 10. Ne2 b6 11. 0-0-0 Ne7 12. Nc3 Ng6 13. f3 Re8 14. Rhe1 f5 15. Nd5 fxe4 16. Nxe4 Bc6 17. Bf2 Bxd5 18. Rxd5 Nf4 19. Rf5 Nxg2 20. Rg1 g6 21. Rf7 Bh6+ 22. Kb1 Nf4 23. Bg3 Ref8 24. Re7 Nd5 25. Re5 Rf5 26. Rd1 Rd8 27. c4 Ne3 28. Rxd8+ Kxd8 29. Bh4+ Kc8 30. Re8+ Kb7 31. Re7 Rxf3 32. b3 Rf1+ 33. Kb2 Nf5 34. Rxh7 Bc1+ 35. Kc3 Nd4 36. Nd2 Ba3 37. Bd8 Bb4+ 38. Kd3 Rd1 39. Bg5 Nf3 40. Ke2 Nxg5 0-1

[Event "Gora Sw Anny op-A 7th"]
[Site "Gora Sw Anny"]
[Date "2014.02.22"]
[Round "1"]
[White "Cukrowski, Filip"]
[Black "Czempiel, Henryk"]
[Result "1-0"]
[WhiteElo "2215"]
[BlackElo "1948"]
[PlyCount "85"]
[EventDate "2014.02.22"]
[EventType "swiss"]
[EventRounds "10"]
[EventCountry "POL"]
[SourceTitle "CBM 159 Extra"]
[Source "ChessBase"]
[SourceDate "2014.04.24"]
[SourceVersion "1"]
[SourceVersionDate "2014.04.24"]
[SourceQuality "1"]

1. e4 e5 2. Nf3 Nf6 3. Nxe5 d6 4. Nf3 Nxe4 5. d4 d5 6. Bd3 Bd6 7. 0-0 Bg4 8. c4 f5 9. Nc3 0-0 10. cxd5 Nd7 11. h3 Bh5 12. Nxe4 fxe4 13. Bxe4 Nf6 14. Bf5 Kh8 15. Qd3 Nxd5 16. Ng5 Nb4 17. Qe4 Qf6 18. g4 Rae8 19. Qg2 Bg6 20. Ne4 Qxd4 21. Be3 Qe5 22. Bxg6 hxg6 23. Nxd6 cxd6 24. Rad1 Nc2 25. Bxa7 Rf4 26. Qxb7 Ref8 27. Qd5 Qe7 28. Qb3 Rf3 29. Qxc2 Qh4 30. Rd3 Qxh3 31. Rxf3 Rxf3 32. Rc1 Qxg4+ 33. Kf1 Qh3+ 34. Ke1 Rf5 35. Qe2 Qh1+ 36. Kd2 Qd5+ 37. Kc2 Qxa2 38. Qe8+ Kh7 39. Rh1+ Rh5 40. Rxh5+ gxh5 41. Qxh5+ Kg8 42. Qe8+ Kh7 43. Qe4+ 1-0

[Event "Gora Sw Anny op-A 7th"]
[Site "Gora Sw Anny"]
[Date "2014.02.22"]
[Round "2"]
[White "Krasiewicz, Robert"]
[Black "Czempiel, Henryk"]
[Result "1-0"]
[WhiteElo "2069"]
[BlackElo "1948"]
[PlyCount "81"]
[EventDate "2014.02.22"]
[EventType "swiss"]
[EventRounds "10"]
[EventCountry "POL"]
[SourceTitle "CBM 159 Extra"]
[Source "ChessBase"]
[SourceDate "2014.04.24"]
[SourceVersion "1"]
[SourceVersionDate "2014.04.24"]
[SourceQuality "1"]

1. d4 d5 2. c4 c6 3. Nf3 Nf6 4. e3 e6 5. Nc3 Nbd7 6. Qc2 Bd6 7. g4 h6 8. Rg1 b5 9. cxb5 c5 10. h4 Bb7 11. Bd3 e5 12. g5 hxg5 13. hxg5 Ng8 14. dxe5 Bxe5 15. Bd2 d4 16. Ne4 Rh3 17. Nxe5 Nxe5 18. 0-0-0 c4 19. Bf1 Rh4 20. Nc5 Bf3 21. Re1 d3 22. Qc3 Qd5 23. Na6 Rc8 24. a4 Ne7 25. Rg3 Nf5 26. Rh3 Be2 27. Rxh4 Nxh4 28. Bh3 Bg4 29. Nb4 Qe6 30. Bxg4 Nxg4 31. Qxg7 Nf3 32. Rh1 Nxd2 33. Kxd2 Nxf2 34. Rh8+ Ke7 35. Nc6+ Kd6 36. Qd4+ Kc7 37. Qxa7+ Kd6 38. Qd4+ Kc7 39. Rxc8+ Kxc8 40. Qd8+ Kb7 41. Qb8# 1-0

[Event "POL-chT2"]
[Site "Poronin"]
[Date "2013.09.13"]
[Round "7.82"]
[White "Kudas, Damian"]
[Black "Czempiel, Henryk"]
[Result "1-0"]
[WhiteElo "2067"]
[BlackElo "1933"]
[PlyCount "61"]
[EventDate "2013.09.06"]
[EventType "team-swiss"]
[EventRounds "9"]
[EventCountry "POL"]
[SourceTitle "EXT 2015"]
[Source "ChessBase"]
[SourceDate "2014.11.20"]
[SourceVersion "1"]
[SourceVersionDate "2014.11.20"]
[SourceQuality "1"]
[WhiteTeam "Myslenice MLKSz"]
[BlackTeam "Strzelce Opolskie Strzelec"]
[WhiteTeamCountry "POL"]
[BlackTeamCountry "POL"]

1. d4 d5 2. c4 c6 3. Nf3 Nf6 4. Nc3 e6 5. Bg5 Nbd7 6. e3 Qa5 7. Nd2 dxc4 8. Bxf6 Nxf6 9. Nxc4 Qc7 10. Rc1 Nd5 11. Bd3 Nxc3 12. bxc3 c5 13. Ne5 Bd6 14. Bb5+ Ke7 15. f4 cxd4 16. exd4 a6 17. Ba4 b5 18. Bb3 f6 19. Qf3 fxe5 20. Qxa8 exd4 21. 0-0 Bxf4 22. Rcd1 Bxh2+ 23. Kh1 Qc5 24. Kxh2 dxc3 25. Qf3 Qe5+ 26. Kh1 Qf6 27. Qg3 Qh6+ 28. Kg1 Rd8 29. Rxd8 Kxd8 30. Qd6+ Ke8 31. Rf8# 1-0

[Event "Gora Sw Anny op-A 6th"]
[Site "Gora Sw Anny"]
[Date "2013.01.26"]
[Round "2"]
[White "Czempiel, Henryk"]
[Black "Kaczorowski, Piotr"]
[Result "1-0"]
[WhiteElo "1908"]
[BlackElo "2088"]
[PlyCount "45"]
[EventDate "2013.01.26"]
[EventType "swiss"]
[EventRounds "10"]
[EventCountry "POL"]
[SourceTitle "CBM 152 Extra"]
[Source "ChessBase"]
[SourceDate "2013.02.25"]
[SourceVersion "1"]
[SourceVersionDate "2013.02.25"]
[SourceQuality "1"]

1. e4 c5 2. d4 cxd4 3. c3 g6 4. Bc4 Qc7 5. Bb3 Nf6 6. Qe2 Bg7 7. e5 d3 8. Qxd3 Qxe5+ 9. Be3 0-0 10. Nf3 Qc7 11. Na3 Nc6 12. 0-0-0 d6 13. Nb5 Qa5 14. Rde1 Ng4 15. Nbd4 Nxe3 16. Qxe3 Bf6 17. h4 Bg4 18. Nxc6 bxc6 19. Nd4 Rac8 20. Qe4 Bd7 21. h5 c5 22. hxg6 cxd4 23. gxf7+ 1-0

[Event "POL-ch Amateur"]
[Site "Wroclaw"]
[Date "2013.??.??"]
[Round "4"]
[White "Czempiel, Henryk"]
[Black "Szybka, Andrzej"]
[Result "1-0"]
[WhiteElo "1922"]
[BlackElo "1981"]
[PlyCount "59"]
[EventDate "2013.06.??"]
[EventType "swiss"]
[EventRounds "9"]
[EventCountry "POL"]
[SourceTitle "EXT 2014"]
[Source "ChessBase"]
[SourceDate "2013.11.20"]
[SourceVersion "1"]
[SourceVersionDate "2013.11.20"]
[SourceQuality "1"]

1. e4 c5 2. d4 cxd4 3. c3 dxc3 4. Nxc3 e6 5. Nf3 a6 6. Bc4 Qc7 7. Qe2 Nf6 8. e5 d5 9. exf6 Qxc4 10. Qe5 g6 11. b3 Qd3 12. Bb2 Nc6 13. Qe2 Qxe2+ 14. Kxe2 Bc5 15. Rac1 Ba7 16. h4 h5 17. Rhe1 Bd7 18. Ng5 0-0 19. g4 d4 20. Nce4 Ne5 21. gxh5 Bb5+ 22. Kd2 gxh5 23. Rg1 Kh8 24. Ba3 Bc6 25. Bd6 Bxe4 26. Bxe5 Bg6 27. Nxe6 Rfe8 28. Rxg6 fxg6 29. f7+ Kh7 30. fxe8Q 1-0

[Event "POL-ch Amateur"]
[Site "Wroclaw"]
[Date "2013.??.??"]
[Round "5"]
[White "Konieczynski, Piotr"]
[Black "Czempiel, Henryk"]
[Result "1-0"]
[WhiteElo "1944"]
[BlackElo "1922"]
[PlyCount "115"]
[EventDate "2013.06.??"]
[EventType "swiss"]
[EventRounds "9"]
[EventCountry "POL"]
[SourceTitle "EXT 2014"]
[Source "ChessBase"]
[SourceDate "2013.11.20"]
[SourceVersion "1"]
[SourceVersionDate "2013.11.20"]
[SourceQuality "1"]

1. d4 d5 2. c4 c6 3. Nf3 Nf6 4. Nc3 e6 5. e3 Nbd7 6. Qc2 Bd6 7. Bd3 e5 8. cxd5 Nxd5 9. Nxd5 cxd5 10. dxe5 Nxe5 11. Nxe5 Bxe5 12. Bd2 Bd7 13. Qb3 Bc6 14. Bb5 0-0 15. 0-0 Qb6 16. Bxc6 bxc6 17. Bc3 f6 18. Rfd1 Qxb3 19. axb3 Bxc3 20. bxc3 a5 21. Ra3 Rfb8 22. Kf1 Rb5 23. b4 c5 24. Rxa5 Raxa5 25. bxa5 Rxa5 26. Rxd5 Kf8 27. Rd8+ Ke7 28. Rg8 g6 29. Rg7+ Ke6 30. Rxh7 Ra3 31. c4 Rc3 32. Rh4 f5 33. g4 g5 34. Rh6+ Ke5 35. gxf5 Kxf5 36. h4 Rxc4 37. hxg5 Kxg5 38. Rc6 Kg4 39. Kg2 Rc2 40. Rc8 Kf5 41. Kf3 Ke5 42. Kg3 Kf5 43. f4 Rc3 44. Kf3 Ke6 45. Ke4 Kd7 46. Rh8 c4 47. f5 Rc2 48. Ke5 c3 49. e4 Re2 50. Rh7+ Kd8 51. Rh3 c2 52. Rc3 Kd7 53. Kf6 Rxe4 54. Rxc2 Rf4 55. Re2 Rf1 56. Kg6 Rf3 57. f6 Rg3+ 58. Kf7 1-0

[Event "Gora Sw Anny op 5th"]
[Site "Gora Sw Anny"]
[Date "2012.01.18"]
[Round "8"]
[White "Czempiel, Henryk"]
[Black "Nowak, Kamil"]
[Result "1-0"]
[WhiteElo "1959"]
[BlackElo "1640"]
[PlyCount "43"]
[EventDate "2012.01.11"]
[EventType "swiss"]
[EventRounds "9"]
[EventCountry "POL"]
[SourceTitle "CBM 146 Extra"]
[Source "ChessBase"]
[SourceDate "2012.02.29"]
[SourceVersion "1"]
[SourceVersionDate "2012.02.29"]
[SourceQuality "1"]

1. e4 c5 2. d4 cxd4 3. c3 dxc3 4. Nxc3 Nc6 5. Nf3 d6 6. Bc4 Nf6 7. e5 Ng4 8. exd6 exd6 9. 0-0 Be7 10. Bf4 0-0 11. Re1 Nge5 12. Bxe5 Nxe5 13. Nxe5 dxe5 14. Qh5 Qd4 15. Re4 Qd2 16. Re2 Qf4 17. Nd5 Qxc4 18. Nxe7+ Kh8 19. Rxe5 Bg4 20. Qh4 Be6 21. Qxh7+ Kxh7 22. Rh5# 1-0

[Event "Gora Sw Anny op 5th"]
[Site "Gora Sw Anny"]
[Date "2012.01.12"]
[Round "1"]
[White "Czempiel, Henryk"]
[Black "Bebel, Agnieszka"]
[Result "1-0"]
[WhiteElo "1959"]
[BlackElo "1390"]
[PlyCount "73"]
[EventDate "2012.01.11"]
[EventType "swiss"]
[EventRounds "9"]
[EventCountry "POL"]
[SourceTitle "CBM 146 Extra"]
[Source "ChessBase"]
[SourceDate "2012.02.29"]
[SourceVersion "1"]
[SourceVersionDate "2012.02.29"]
[SourceQuality "1"]

1. e4 e5 2. Nf3 Nc6 3. Bb5 Nf6 4. 0-0 Bc5 5. c3 d6 6. d4 exd4 7. cxd4 Bb4 8. a3 Ba5 9. b4 Bb6 10. d5 a6 11. Ba4 0-0 12. dxc6 Nxe4 13. Qd5 Nf6 14. cxb7 Rb8 15. bxc8Q Rxc8 16. Qf5 c6 17. Bg5 Re8 18. Bxf6 Qxf6 19. Qxf6 gxf6 20. Nbd2 d5 21. Rfe1 Re6 22. Rac1 Rd6 23. Nb3 Kf8 24. Nfd4 Bxd4 25. Nxd4 Ra8 26. Bxc6 Rad8 27. g3 Rb8 28. b5 axb5 29. Bxb5 Ra8 30. Rc6 Rxc6 31. Bxc6 Rd8 32. a4 Kg7 33. a5 Rc8 34. Nf5+ Kf8 35. Re8+ Rxe8 36. Bxe8 Kxe8 37. a6 1-0

[Event "Gora Sw Anny op 3rd"]
[Site "Gora Sw Anny"]
[Date "2010.02.11"]
[Round "6"]
[White "Bednarski, Dawid"]
[Black "Czempiel, Henryk"]
[Result "0-1"]
[WhiteElo "1817"]
[BlackElo "2000"]
[PlyCount "36"]
[EventDate "2010.02.08"]
[EventType "swiss"]
[EventRounds "9"]
[EventCountry "POL"]
[SourceTitle "CBM 135 Extra"]
[Source "ChessBase"]
[SourceDate "2010.05.04"]
[SourceVersion "1"]
[SourceVersionDate "2010.05.04"]
[SourceQuality "1"]

1. e4 e5 2. Nf3 Nc6 3. Bc4 Nf6 4. Ng5 Bc5 5. Nxf7 Bxf2+ 6. Kf1 Qe7 7. Nxh8 d5 8. exd5 Nd4 9. c3 Bg4 10. Qa4+ Nd7 11. Kxf2 0-0-0 12. Rf1 Rf8+ 13. Kg1 Be2 14. Rxf8+ Qxf8 15. h3 Qf1+ 16. Kh2 Nf3+ 17. Kg3 Qe1+ 18. Kg4 Qh4+ 0-1

[Event "Gora Sw Anny op 3rd"]
[Site "Gora Sw Anny"]
[Date "2010.02.10"]
[Round "5"]
[White "Czempiel, Henryk"]
[Black "Nowak, Maciej"]
[Result "1/2-1/2"]
[WhiteElo "2000"]
[BlackElo "2026"]
[PlyCount "93"]
[EventDate "2010.02.08"]
[EventType "swiss"]
[EventRounds "9"]
[EventCountry "POL"]
[SourceTitle "CBM 135 Extra"]
[Source "ChessBase"]
[SourceDate "2010.05.04"]
[SourceVersion "1"]
[SourceVersionDate "2010.05.04"]
[SourceQuality "1"]

1. e4 c5 2. Nf3 Nc6 3. d4 cxd4 4. c3 dxc3 5. Nxc3 d6 6. Bc4 e6 7. 0-0 Nge7 8. Bg5 a6 9. Rc1 h6 10. Bh4 g5 11. Bg3 Ng6 12. h3 Be7 13. Rc2 Nge5 14. Bb3 Nxf3+ 15. gxf3 Ne5 16. Bxe5 dxe5 17. Qe2 0-0 18. Rd1 Qa5 19. Qd2 Kg7 20. Na4 Qxd2 21. Rcxd2 b5 22. Nb6 Rb8 23. Nd7 Bxd7 24. Rxd7 Kf6 25. Ra7 Ra8 26. Rdd7 Rxa7 27. Rxa7 Rd8 28. Rxa6 Rd2 29. Rc6 Rxb2 30. Kg2 h5 31. Rc2 Rb1 32. Rc8 h4 33. Rc7 Bd6 34. Rd7 Bc5 35. Rc7 Rc1 36. Rc8 b4 37. Rc7 Rc3 38. Ba4 Be7 39. Rd7 Rc4 40. Bb3 Rd4 41. Rc7 Bd6 42. Rd7 Kg6 43. Kf1 Kf6 44. Kg2 Be7 45. Rc7 Rd2 46. Kg1 Rd6 47. Kg2 1/2-1/2

[Event "Gora Sw Anny op 3rd"]
[Site "Gora Sw Anny"]
[Date "2010.02.10"]
[Round "4"]
[White "Klekowski, Maciej"]
[Black "Czempiel, Henryk"]
[Result "1-0"]
[WhiteElo "2290"]
[BlackElo "2000"]
[PlyCount "92"]
[EventDate "2010.02.08"]
[EventType "swiss"]
[EventRounds "9"]
[EventCountry "POL"]
[SourceTitle "CBM 135 Extra"]
[Source "ChessBase"]
[SourceDate "2010.05.04"]
[SourceVersion "1"]
[SourceVersionDate "2010.05.04"]
[SourceQuality "1"]

1. c4 Nf6 2. Nc3 d5 3. cxd5 c6 4. dxc6 Nxc6 5. g3 e5 6. Bg2 Bc5 7. d3 0-0 8. Nf3 h6 9. 0-0 Qe7 10. Nd2 Bg4 11. h3 Be6 12. Nb3 Bb6 13. Na4 Bc7 14. Nac5 Bd5 15. e4 Bxb3 16. Nxb3 Rfd8 17. Be3 Bb6 18. Qe2 Rd7 19. Rfd1 Rad8 20. a3 Qe6 21. Nc1 Nd4 22. Bxd4 Bxd4 23. Rb1 Nh7 24. b4 Ng5 25. Kh2 Qa6 26. h4 Ne6 27. Qa2 g5 28. h5 Qb6 29. Rf1 g4 30. Qe2 Ng5 31. Nb3 Qe6 32. Rfd1 b6 33. Nd2 Qf6 34. Qxg4 Qxf2 35. Nf3 Qe2 36. Re1 Qxd3 37. Nxg5 hxg5 38. Qxg5+ Kh7 39. Rbd1 Qb3 40. Qf5+ Kh6 41. Qf6+ Kh7 42. g4 Bg1+ 43. Rxg1 Rxd1 44. Rxd1 Rxd1 45. h6 Rh1+ 46. Bxh1 Qd1 1-0

[Event "Gora Sw Anny op 3rd"]
[Site "Gora Sw Anny"]
[Date "2010.02.09"]
[Round "3"]
[White "Czempiel, Henryk"]
[Black "Motyl, Tomasz"]
[Result "1-0"]
[WhiteElo "2000"]
[BlackElo "2022"]
[PlyCount "77"]
[EventDate "2010.02.08"]
[EventType "swiss"]
[EventRounds "9"]
[EventCountry "POL"]
[SourceTitle "CBM 135 Extra"]
[Source "ChessBase"]
[SourceDate "2010.05.04"]
[SourceVersion "1"]
[SourceVersionDate "2010.05.04"]
[SourceQuality "1"]

1. e4 g6 2. d4 d6 3. f4 c5 4. Be3 Bg7 5. c3 Nf6 6. dxc5 0-0 7. Qc2 Nbd7 8. cxd6 exd6 9. Be2 Re8 10. Nd2 Nxe4 11. Nxe4 Qe7 12. Nf3 d5 13. 0-0 Qxe4 14. Qxe4 dxe4 15. Nd4 Nf6 16. Nb5 Bg4 17. Bxg4 Nxg4 18. Bxa7 Bf8 19. Nc7 Rxa7 20. Nxe8 Bc5+ 21. Kh1 Kf8 22. h3 Nf2+ 23. Rxf2 Bxf2 24. Nf6 e3 25. Ng4 Rxa2 26. Rxa2 e2 27. Ra1 e1Q+ 28. Rxe1 Bxe1 29. Kh2 Ke7 30. Ne5 Bd2 31. Kg3 Ke6 32. Kf3 g5 33. Nd3 gxf4 34. Nc5+ Kd5 35. Nxb7 Bc1 36. b3 Bd2 37. c4+ Kd4 38. Nd6 Kc3 39. Ne4+ 1-0

[Event "Gora Sw Anny op 3rd"]
[Site "Gora Sw Anny"]
[Date "2010.02.08"]
[Round "2"]
[White "Czempiel, Henryk"]
[Black "Zmarzly, Aleksandra"]
[Result "1/2-1/2"]
[WhiteElo "2000"]
[BlackElo "1981"]
[PlyCount "55"]
[EventDate "2010.02.08"]
[EventType "swiss"]
[EventRounds "9"]
[EventCountry "POL"]
[SourceTitle "CBM 135 Extra"]
[Source "ChessBase"]
[SourceDate "2010.05.04"]
[SourceVersion "1"]
[SourceVersionDate "2010.05.04"]
[SourceQuality "1"]

1. e4 c5 2. d4 cxd4 3. c3 d3 4. Bxd3 Nc6 5. Nf3 d6 6. 0-0 g6 7. Bc4 Bg7 8. Qe2 Nf6 9. Rd1 Qc7 10. Na3 a6 11. Bf4 Nh5 12. Be3 0-0 13. Bb3 b5 14. Rac1 Bb7 15. Nd4 Nf6 16. f3 Rac8 17. c4 b4 18. Nac2 Nxd4 19. Nxd4 Nd7 20. Qd2 Rb8 21. Qxb4 Bxe4 22. Qd2 Ba8 23. Bh6 Qc5 24. Bxg7 Kxg7 25. Qe3 Ne5 26. Rc3 Rfc8 27. h3 Rc7 28. Kh2 1/2-1/2

[Event "Gora Sw Anny op 3rd"]
[Site "Gora Sw Anny"]
[Date "2010.02.08"]
[Round "1"]
[White "Gorol, Magdalena"]
[Black "Czempiel, Henryk"]
[Result "0-1"]
[WhiteElo "1817"]
[BlackElo "2000"]
[PlyCount "42"]
[EventDate "2010.02.08"]
[EventType "swiss"]
[EventRounds "9"]
[EventCountry "POL"]
[SourceTitle "CBM 135 Extra"]
[Source "ChessBase"]
[SourceDate "2010.05.04"]
[SourceVersion "1"]
[SourceVersionDate "2010.05.04"]
[SourceQuality "1"]

1. e4 e5 2. Nf3 Nc6 3. Bc4 Nf6 4. Ng5 Bc5 5. Bxf7+ Ke7 6. Bb3 Rf8 7. 0-0 d6 8. d3 Bg4 9. Qe1 Nd4 10. Be3 h6 11. Bxd4 Bxd4 12. c3 Bb6 13. h3 hxg5 14. hxg4 Nxg4 15. Qd2 Kd7 16. d4 exd4 17. cxd4 Qf6 18. e5 Qh6 19. e6+ Ke7 20. Re1 Qh2+ 21. Kf1 Qh1+ 0-1